Detalles MARC
| 000 -CABECERA |
| campo de control de longitud fija |
01997nam a2200397 i 4500 |
| 003 - IDENTIFICADOR DEL NÚMERO DE CONTROL |
| campo de control |
DO-SdBNP |
| 005 - FECHA Y HORA DE LA ÚLTIMA TRANSACCIÓN |
| campo de control |
20250909103721.0 |
| 007 - CAMPO FIJO DE DESCRIPCIÓN FÍSICA--INFORMACIÓN GENERAL |
| campo de control de longitud fija |
ta |
| 008 - DATOS DE LONGITUD FIJA--INFORMACIÓN GENERAL |
| campo de control de longitud fija |
221102e2022 dr a|||jr|||| 001 jdspa d |
| 020 ## - NÚMERO INTERNACIONAL ESTÁNDAR DEL LIBRO |
| Número Internacional Estándar del Libro |
9789945931372 |
| 040 ## - FUENTE DE LA CATALOGACIÓN |
| Centro catalogador/agencia de origen |
DO-SdBNP |
| Lengua de catalogación |
spa |
| Centro/agencia transcriptor |
BNPHU |
| Normas de descripción |
rda |
| 041 ## - CÓDIGO DE LENGUA |
| Código de lengua del texto/banda sonora o título independiente |
spa |
| 082 #4 - NÚMERO DE LA CLASIFICACIÓN DECIMAL DEWEY |
| Número de clasificación |
xxx |
| Número de documento/Ítem |
M394a |
| Número de edición |
22 |
| 110 1# - ENTRADA PRINCIPAL--NOMBRE DE ENTIDAD CORPORATIVA |
| Nombre de entidad corporativa o nombre de jurisdicción como elemento de entrada |
Instituto Superior de Formación Docente Salomé Ureña (ISFODOSU) |
| 9 (RLIN) |
88596 |
| 245 10 - MENCIÓN DE TÍTULO |
| Título |
Mas allá de mis sueños: |
| Resto del título |
cuentos infantiles. / |
| Mención de responsabilidad, etc. |
Presentación, Luisa María Acosta Caba; prólogo, Ana Julia Suriel ; ilustraciones, Elvin Simé, María Fernanda Paz, Joel Ventura |
| 264 #1 - PRODUCCIÓN, PUBLICACIÓN, DISTRIBUCIÓN, FABRICACIÓN Y COPYRIGHT |
| Producción, publicación, distribución, fabricación y copyright |
Santo Domingo : |
| Nombre del de productor, editor, distribuidor, fabricante |
ISFODOSU, |
| Fecha de producción, publicación, distribución, fabricación o copyright |
2022. |
| 300 ## - DESCRIPCIÓN FÍSICA |
| Extensión |
95 páginas : |
| Otras características físicas |
Ilustraciones ; |
| Dimensiones |
25 cm. |
| 336 ## - TIPO DE CONTENIDO |
| Término de tipo de contenido |
texto |
| Código de tipo de contenido |
txt |
| Fuente |
rdaconten |
| 337 ## - TIPO DE MEDIO |
| Nombre/término del tipo de medio |
sih medición |
| Código del tipo de medio |
n |
| Fuente |
rdamedia |
| 338 ## - TIPO DE SOPORTE |
| Nombre/término del tipo de soporte |
volumen |
| Código del tipo de soporte |
nc |
| Fuente |
rdacarreir |
| 490 1# - MENCIÓN DE SERIE |
| Mención de serie |
Académicas |
| 490 1# - MENCIÓN DE SERIE |
| Mención de serie |
Aulas |
| 500 ## - NOTA GENERAL |
| Nota general |
Incluye datos biográficos de los autores en las páginas 94 - 95 |
| 500 ## - NOTA GENERAL |
| Nota general |
Cuentos ganadores del 2do. Concurso de Cuentos Infantiles organizado por el recinto Emilio Prud´Homme, en Santiago, del Instituto Superior de Formación Docente Salomé Ureña (ISFODOSU), República Dominicana. |
| 505 0# - NOTA DE CONTENIDO CON FORMATO |
| Título |
La ranita Tita quiere dar una cantadita -- |
| Mención de responsabilidad |
Yaroly Peña / |
| Título |
Globby, la historia de un número muy curioso -- |
| Mención de responsabilidad |
Mawdy Canela / |
| Título |
Papito: las travesías de un pequeño gigante -- |
| Mención de responsabilidad |
Noemí Espinal / |
| Título |
Valle Iao -- |
| Mención de responsabilidad |
Laura Polanco / |
| 590 ## - NOTA LOCAL (RLIN) |
| Nota local |
Inventariado 2022 / MF |
| 650 #4 - PUNTO DE ACCESO ADICIONAL DE MATERIA--TÉRMINO DE MATERIA |
| 9 (RLIN) |
81985 |
| Término de materia o nombre geográfico como elemento de entrada |
Literatura infantil |
| Subdivisión general |
República Dominicana |
| 650 #4 - PUNTO DE ACCESO ADICIONAL DE MATERIA--TÉRMINO DE MATERIA |
| 9 (RLIN) |
26914 |
| Término de materia o nombre geográfico como elemento de entrada |
Concursos Literarios |
| Subdivisión general |
República Dominicana |
| 650 #4 - PUNTO DE ACCESO ADICIONAL DE MATERIA--TÉRMINO DE MATERIA |
| 9 (RLIN) |
77603 |
| Término de materia o nombre geográfico como elemento de entrada |
Cuentos infantiles |
| Subdivisión de forma |
Concursos Literarios |
| Subdivisión general |
República Dominicana |
| 700 1# - PUNTO DE ACCESO ADICIONAL--NOMBRE DE PERSONA |
| Nombre de persona |
Acosta Caba, Luisa María, |
| Término indicativo de función/relación |
presentador |
| Código de función/relación |
pr. |
| 9 (RLIN) |
82660 |
| 700 1# - PUNTO DE ACCESO ADICIONAL--NOMBRE DE PERSONA |
| Nombre de persona |
Suriel, Ana Julia, |
| Término indicativo de función/relación |
prologuista |
| 9 (RLIN) |
82661 |
| Código de función/relación |
pr. |
| 700 1# - PUNTO DE ACCESO ADICIONAL--NOMBRE DE PERSONA |
| Nombre de persona |
Simé, Elvin |
| Término indicativo de función/relación |
ilustrador |
| Código de función/relación |
il. |
| 9 (RLIN) |
88597 |
| 700 1# - PUNTO DE ACCESO ADICIONAL--NOMBRE DE PERSONA |
| Nombre de persona |
Fernanda Paz, María |
| Término indicativo de función/relación |
ilustrador |
| Código de función/relación |
il. |
| 9 (RLIN) |
88598 |
| 700 1# - PUNTO DE ACCESO ADICIONAL--NOMBRE DE PERSONA |
| Nombre de persona |
Ventura, Joel |
| Término indicativo de función/relación |
ilustrador |
| Código de función/relación |
il. |
| 9 (RLIN) |
88599 |
| 942 ## - ELEMENTOS DE PUNTO DE ACCESO ADICIONAL (KOHA) |
| Fuente del sistema de clasificación o colocación |
Dewey Decimal Classification |
| Tipo de ítem Koha |
Libro |